Principles of plant nutrition /
Guardado en:
| Autor Principal: | |
|---|---|
| Autor Corporativo: | |
| Otros Autores: | |
| Formato: | Libro |
| Idioma: | English |
| Publicado: |
Bern, Switzerland :
International Potash Institute,
1978.
|
| Etiquetas: |
Agregar Etiqueta
Sin Etiquetas, Sea el primero en etiquetar este registro!
|
| LEADER | 00543nam a22001575a 4500 | ||
|---|---|---|---|
| 001 | EEA.libagro001043 | ||
| 005 | 20191009123045.0 | ||
| 008 | 130809s1978####au#a##########000#0#eng#d | ||
| 082 | 0 | 4 | |a 581.1335 |
| 100 | 1 | |a Mengel, Konrad. | |
| 245 | 1 | 0 | |a Principles of plant nutrition / |c Konrad Mengel, Ernest A. Kirkby. |
| 260 | |a Bern, Switzerland : |b International Potash Institute, |c 1978. | ||
| 300 | |a 593 p. : |b il. ; |c 23 cm. | ||
| 700 | 1 | |a Kirkby, Ernest A. | |
| 710 | 2 | |a International Potash Institute. | |
| 859 | |a AR-BbBCA |b BIB. AGRONOMIA |h 581.1335 |i M544 |p 1978/0008 | ||
